[Event "Cap d'Agde CCAS Trophee KO"]
[Site "Cap d'Agde"]
[Date "2010.10.31"]
[Round "3.1"]
[White "Ivanchuk, Vassily"]
[Black "Nakamura, Hikaru"]
[Result "1-0"]
[WhiteElo "2754"]
[BlackElo "2733"]
[Annotator "CB"]
[PlyCount "83"]
[EventDate "2010.10.28"]
[EventType "k.o. (rapid)"]
[EventRounds "3"]
[EventCountry "FRA"]
[SourceTitle "EXT 2011"]
[Source "ChessBase"]
[SourceDate "2010.11.26"]
[SourceVersion "1"]
[SourceVersionDate "2010.11.26"]
[SourceQuality "1"]

1. e4 e5 2. f4 {One can imagine the audience mentally rubbing their hands in
glee as this appeared on the overhead displays: the first game of the final
wasn't going to be some stodgy Queen's Gambit Declined, or other, but rather a
romantic King's Gambit!} Nc6 3. Nf3 f5 4. d3 (4. exf5 e4 5. Ne5 Nxe5 6. fxe5
Qe7 7. Qh5+ Kd8 8. d4 exd3 9. Bxd3 Qxe5+ 10. Kd1 Nf6 11. Qf3 Bc5 12. Nc3 Qd4
13. Re1 Qf2 14. Qxf2 Bxf2 15. Re2 Bd4 16. Bg5 c6 17. Kd2 Re8 18. Rae1 Rxe2+ 19.
Rxe2 d5 {0-1 (56 moves) Fier,A (2590)-Hammer,J (2532)/ICC INT 2009/CBM 129
Extra}) 4... d6 5. Nc3 Nf6 6. g3 g6 7. Bg2 Bg7 8. fxe5 dxe5 9. Bg5 h6 10. Be3
O-O 11. O-O fxe4 12. dxe4 Be6 {#Assuredly not what anyone had expected. Twelve
moves and the position is almost perfectly symmetrical.} 13. a3 Kh7 14. Kh1 a6
15. Bg1 Rf7 16. Qe2 Nd4 17. Qd3 Nxf3 18. Qxf3 Rd7 19. Rad1 Bg4 20. Rxd7 Bxf3
21. Rxd8 Bxg2+ 22. Kxg2 Rxd8 23. Be3 g5 24. h3 Kg6 25. g4 c6 26. Rf2 b5 27. Rd2
Rxd2+ 28. Bxd2 Bf8 29. Kf3 h5 30. Ne2 hxg4+ 31. hxg4 Nd7 32. Nc1 c5 33. Na2 Nb8
$6 (33... c4 $1) 34. c4 $1 bxc4 35. Nc3 Nc6 36. Nd5 Nd4+ 37. Ke3 Kf7 38. Nb6
Ke6 39. Nxc4 Be7 40. Ba5 Nb5 41. Kd3 Nd6 $4 42. Nxd6 (42. Nxd6 Kxd6 43. Kc4 Kc6
44. Bd2 Bf6 45. Be3 Be7 46. b3 a5 47. a4 $1 {and Black is in zugzwang and must
lose a pawn and the game.}) 1-0

[Event "EU-ch blitz 29th"]
[Site "Warsaw"]
[Date "2010.12.17"]
[Round "6"]
[White "Andriasian, Zaven"]
[Black "Ivanchuk, Vassily"]
[Result "1-0"]
[WhiteElo "2585"]
[BlackElo "2764"]
[PlyCount "117"]
[EventDate "2010.12.17"]
[EventType "swiss (blitz)"]
[EventRounds "13"]
[EventCountry "POL"]
[SourceTitle "CBM 139 Extra"]
[Source "ChessBase"]
[SourceDate "2011.01.05"]
[SourceVersion "1"]
[SourceVersionDate "2011.01.05"]
[SourceQuality "1"]

1. e4 e6 2. d4 d5 3. Nc3 Bb4 4. exd5 exd5 5. Bd3 Nc6 6. Nge2 Bg4 7. f3 Bh5 8.
Be3 Nge7 9. a3 Ba5 10. Nf4 Bg6 11. Qd2 Qd7 12. O-O-O O-O-O 13. Kb1 Rhe8 14. g4
Bxd3 15. Qxd3 Bxc3 16. Qxc3 Ng6 17. Nh5 f6 18. Rhe1 Re7 19. Bf2 Rde8 20. Qd3 b6
21. b3 Nd8 22. h3 Nf8 23. Kb2 Nb7 24. Ng3 Nd6 25. Rxe7 Rxe7 26. Be3 Ng6 27. Bd2
Qe8 28. Nh5 a5 29. a4 Kb7 30. Nf4 c6 31. Nh5 Nf8 32. Bf4 Nc8 33. Ng3 g6 34. h4
Ne6 35. Bd2 Nd6 36. h5 Qf7 37. Rh1 f5 38. hxg6 hxg6 39. Rh6 Qf6 40. gxf5 Nxf5
41. Nxf5 Qxf5 42. Qxf5 gxf5 43. Kc3 Nd8 44. Bg5 Nf7 45. Rh7 Rd7 46. Bf4 Ne5 47.
Rh5 Nxf3 48. Rxf5 Rh7 49. Rf8 Rh3 50. Rf7+ Ka6 51. Rf6 Kb7 52. Rf7+ Ka6 53. Rf6
Nh2+ 54. Kb2 Ng4 55. Rxc6 Rf3 56. Bd2 Nf6 57. Bg5 Nd7 58. Rd6 Rf5 59. Bd8 1-0

[Event "Reggio Emilia 53rd"]
[Site "Reggio Emilia"]
[Date "2011.01.03"]
[Round "6"]
[White "Gashimov, Vugar"]
[Black "Ivanchuk, Vassily"]
[Result "1-0"]
[WhiteElo "2733"]
[BlackElo "2764"]
[Annotator "Kritz,L"]
[PlyCount "53"]
[EventDate "2010.12.28"]
[EventType "tourn"]
[EventRounds "9"]
[EventCountry "ITA"]
[EventCategory "18"]
[SourceTitle "CBM 140"]
[Source "ChessBase"]
[SourceDate "2011.01.18"]
[SourceVersion "1"]
[SourceVersionDate "2011.01.18"]
[SourceQuality "1"]

1. e4 c6 2. d4 d5 3. e5 {Heutzutage ist das die Hauptvariante gegen Caro-Kann.}
Bf5 4. Nf3 e6 5. Be2 c5 $1 {Die prinzipiellste Fortsetzung. Alle anderen Züge
sind zu langsam und erlauben Weiß, einen kleinen Vorteil zu bekommen.} (5...
Nd7 6. O-O h6 7. Nbd2 Ne7 8. Nb3 Nc8 9. a4 Be7 10. a5 $14 {Bologan - Drazic 
(Rijeka, 2010)}) (5... Ne7 6. Nbd2 Nc8 7. Nb3 Nd7 8. O-O Be7 9. a4 O-O 10. Be3
Qc7 11. Nfd2 c5 12. c4 $14 {Rublevsky - Wojtaszek (Warsaw, 2010)}) 6. Be3 Qb6 {
Die letzten Erfahrungen haben gezeigt, dass dieser Zug für Schwarz sehr
gefährlich ist. Besser scheint doch 6...cxd4 zu sein.} (6... cxd4 7. Nxd4 Ne7
8. c4 $1 {ist die beste Fortsetzung.} (8. Bg5 $2 {Die alte Hauptvariante führt
zu nichts.} Qd7 $1 (8... Qa5+ 9. Nc3 Bg6 10. b4 Qb6 (10... Qxb4 11. Ndb5 $16)
11. Ndb5 Nc8 12. O-O a6 13. Na4 Qc6 14. c4 $1 axb5 15. cxd5 exd5 16. Rc1 $16 {
Zhang Zhong - Liang Chong (Wuxi, 2006)}) 9. Bxe7 Bxe7 10. Nxf5 exf5 11. Nd2 (
11. Bf3 Qb5 12. Qxd5 Qxb2 13. O-O Nc6 14. Nd2 (14. Qb3 Qxb3 15. axb3 Kd7 16.
Nc3 Rhd8 17. Rfd1+ Ke6 18. Nd5 Rac8 $11 {Almasi - Vallejo Pons (Heviz, 2008)})
14... Rd8 15. Qb3 Qxb3 16. Nxb3 Kd7 17. Rfd1+ Kc7 $11 {Mamedov - Rodshtein 
(Plovdiv, 2008)}) 11... Nc6 12. Nf3 O-O 13. O-O Rad8 $11 {Nijboer - Erenburg 
(Dieren, 2006). Demnächst spielt Schwarz Rfe8-Qc7-Bc5 und der weiße Bauer e5
wird genau so schwach wie der schwarze Bauer d5.}) 8... Nbc6 9. Qa4 a6 {
ist die Hauptvariante.} (9... dxc4 {Der Nachteil des sofortigen Nehmens ist,
dass der weiße Springer nun eine sehr verlockende Route findet, nämlich über
a3 nach c4 nach d6.} 10. Na3 (10. Nc3 {womöglich muss Schwarz hier 10...a6
spielen und zur Hauptvariante übergehen.}) 10... Qa5+ 11. Qxa5 Nxa5 12. Nxc4
Nxc4 13. Bxc4 a6 (13... Be4 14. Bb5+ Nc6 15. f3 Bd5 16. Ba4 $1 a6 17. Nxc6 bxc6
18. Rc1 $14) 14. f3 $1 $14 {Svidler - Anand (Madrid, 1998). Weiß wartet ab,
bis Schwarz den Springer von e7 zieht, um erst dann auf f5 zu nehmen. Seine
Stellung ist etwas besser und absolut risikofrei.}) 10. Nc3 dxc4 11. O-O-O Qa5
{ist die Hauptvariante.} (11... Qc8 {Wenn Schwarz diesen Zug spielt, muss er
damit rechnen, dass er die Dame geben muss.} 12. Nxf5 Nxf5 13. Bb6 $1 {Der
Läufer steht sehr gut auf b6 - er stört b5, bereitet Td8 vor und begrenzt die
schwarze Dame.} Bb4 14. Rd8+ Qxd8 15. Bxd8 Rxd8 16. a3 Be7 (16... Bxc3 17. bxc3
$16) 17. Bf3 Nfd4 18. Bxc6+ Nxc6 19. Rd1 O-O 20. Rxd8 Rxd8 21. Qxc4 Rd4 22. Qe2
Bg5+ 23. Kb1 Bf4 24. g3 Bxe5 25. f4 Bd6 26. h4 $14 {Caruana - Cossin (Rogaska
Slatina, 2009). Das Spiel geht um zwei mögliche Resultate, Weiß hat gute
Aussichten.}) (11... Qc7 $4 12. Ndb5 $18) 12. Qxa5 Nxa5 13. Nxf5 Nxf5 14. Bb6
Nc6 15. f4 Rc8 16. g4 $1 {Weiß muss aktiv spielen, um Vorteil zu bekommen.} Nh4
17. Bxc4 g5 18. f5 $1 Nxe5 19. Bb3 {Das ist eine Stellung, die man tiefer
analysieren muss.} Bc5 (19... exf5 20. gxf5 Bg7 (20... Nxf5 21. Ba4+ Nc6 22.
Rhe1+ Be7 23. Rd5 $36) 21. Rhf1 O-O 22. f6 $44) 20. Ba4+ Ke7 (20... Kf8 21.
Bxc5+ Rxc5 22. Rd8+ Kg7 23. f6+ $18) 21. f6+ $1 Kxf6 22. Ne4+ Kg7 23. Nxc5 Nc4
24. Ba7 $14 {Caruana - Arutinian (Rijeka, 2010). Und Weiß hat sich doch
behaupten können.}) 7. Nc3 Nc6 (7... Qxb2 {Karjakin-Eljanov, Khanty Mansiysk
2010}) 8. O-O Qxb2 9. Qe1 cxd4 (9... O-O-O $2 {Eine sehr gefährliche Wahl -
der König fühlt sich am Damenflügel alles andere als sicher.} 10. Rb1 Qxc2 (
10... Qa3 11. Nb5 Qa4 12. dxc5 $18) 11. Bb5 (11. Bd1 Qd3 12. Be2 $11 {
garantiert Weiß Remis durch Zugwiederholung.}) (11. Rc1 $5 Qb2 12. Na4 Qxa2 13.
Bb5 c4 14. Bxc6 bxc6 15. Qa5 $40) 11... Bg4 12. Na4 $1 Bxf3 13. Bxc6 bxc6 14.
Qa5 $1 Kd7 (14... Qg6 15. Qa6+ Kd7 16. Rb7+ Ke8 17. Qxc6+ Rd7 18. Qxd7#) 15.
Qa6 $1 Ne7 16. Nxc5+ Ke8 17. gxf3 $16) 10. Bxd4 (10. Nxd4 $2 Bb4 11. Rb1 Qxc3
$19) 10... Nxd4 11. Nxd4 Bb4 $1 {Schwarz hat keine Zeit mehr zu verlieren,
denn sein König ist in Gefahr.} (11... Bxc2 $2 12. Bb5+ Kd8 13. Rc1 Be4 14. Qe3
Rc8 15. Nxe4 Rxc1 16. Rxc1 dxe4 17. Nc6+ bxc6 18. Rd1+ Kc8 19. Qxa7 $18) 12.
Rb1 Bxc3 (12... Qxc3 13. Rxb4 Qxe1 14. Rxe1 b6 15. Bb5+ $1 {Weiß nutzt die
Tatsache, dass sein Turm auf b4 etwas besser steht als auf b2. Er hätte auch
den Plan von Motylev spielen können:} (15. h4 h5 16. a4 $44) 15... Kf8 16. Nxf5
exf5 17. Rd1 Ne7 18. c4 $1 $14 {Nun kann Schwarz auf c4 nicht nehmen, weil
dann der weiße Turm auf die 7. Reihe eindringen wird.} a6 (18... dxc4 19. Rxc4
$16 a6 $2 20. Bxa6 $18) 19. Ba4 b5 20. cxb5 axb5 21. Rxb5 $1 $16 {Mekhitarian
- Turov (Eforie Nord, 2010). Weiß hat riesigen Vorteil.}) 13. Rxb2 Bxe1 14.
Rxe1 b6 15. Bb5+ $5 {Ein neuer Zug. Das Schachgebot sieht zumindest nicht
schlechter aus, als das früher gespielte 15.h4:} (15. h4 h5 16. a4 {Weiß hat
sehr gute Kompensation für den Bauern.} Ne7 17. a5 Bg6 18. Bb5+ Kf8 19. Ra1 $44
{Motylev - Belov (Dagomys, 2010)}) 15... Kf8 16. Nxf5 exf5 17. Rb3 $5 {
Interessante Idee. Der weiße Turm will in das schwarze Lager eindringen.} (17.
Rd1 Ne7 18. c4 dxc4 $1 {Der Unterschied ist, dass Weiß auf c4 nicht mit dem
Turm nehmen kann.} 19. Bxc4 Ng6 20. e6 fxe6 21. Bxe6 Ke7 22. Bxf5 Rhd8 $14 {
Weiß hat sicherlich einen gewissen Vorteil, doch Schwarz sollte die Stellung
halten.}) 17... Ne7 {Auf den ersten Blick würde man sich wünschen, die c-Linie
zu besetzen, doch leider ist es nicht so einfach:} (17... Rc8 18. Ra3 Rc7 (
18... a5 19. Bd3 Ne7 20. Rb3 Rc6 21. Reb1 Ng6 22. Rxb6 $16) 19. Rd1 Ne7 20. c4
$1 $16) 18. Rc3 a6 {Der Turmtausch ist schlecht:} (18... Rc8 $2 19. Rxc8+ Nxc8
20. Rd1 Ke7 (20... Ne7 21. c4 Ng6 22. cxd5 Nxe5 23. Re1 f6 24. f4 $18) 21. Rxd5
Rd8 22. c4 $16) 19. Bd7 $1 {Weiß nimmt das Feld c8 unter Kontrolle,
gleichzeitig wird der Bauer f5 angegriffen so dass der schwarze Springer nicht
wegziehen kann.} g6 $2 {Das ist ein großer Fehler. Schwarz schafft es sowieso
nicht, den König zu evakuieren. Er musste 19...h5 spielen, um den Turm vom h8
über h6 ins Spiel zu bringen.} (19... h5 $1 20. Rc7 Rh6 21. Rb7 b5 22. e6 fxe6
23. Bxe6 Rd8 24. Ra7 a5 $1 $44 {Dass Weiß Kompensation hat, ist gar keine
Frage, doch Schwarz kann sich höchstwahrscheinlich halten. Der Bauer a5 sollte
nicht genommen werden.} 25. Rxa5 $2 Nc6 26. Ra6 (26. Rxb5 Re8 27. Rxd5 Rexe6
28. Rxf5+ Ke7 $17) 26... Nb4 27. Ra7 Rf6 $15) 20. Rc7 {Die schwarze Stellung
ist nun sehr schwer zu spielen. Der natürliche Zug 20...Kg7 funktioniert nicht.
} b5 (20... Kg7 21. e6 $1 fxe6 (21... Kf6 22. exf7 Kxf7 23. Ba4 $18) 22. Bxe6
Kf6 23. Bf7 $1 Kxf7 24. Rcxe7+ $3 (24. Rexe7+ Kf6 25. f4 Rae8 $11) 24... Kf8 (
24... Kf6 25. f4 $18) 25. Rc7 Rg8 26. Ree7 $18 {Weiß hat zwar einen Bauern
weniger, seine Stellung ist jedoch gewonnen.}) 21. e6 $1 {Weiß will den
zweiten Turm ins Spiel bringen.} f6 {Nun kann man noch besser sehen, was für
einen Schaden der Zug ...g6 der schwarzen Stellung angetan hat.} (21... fxe6
22. Bxe6 h5 23. f4 h4 24. Bd7 $1 ({Hier klappt die gleiche Idee wie in der
Variante 20....Kg7 nicht:} 24. Bf7 Kxf7 25. Rcxe7+ Kg8 $1 $14 {Schwarz schafft
es, im nächsten Zug den Turm auf die 7. Reihe zu stellen. Weiß steht immer
noch besser, aber er kann aus der Stellung mehr machen.}) 24... Rh7 25. Re6 $44
) 22. Re3 {Die schwarze Stellung ist hoffnungslos. Weiß will Ra3-Bxb5 spielen.
Der schwarze Turm von h8 kommt in dieser Partie nicht mehr ins Spiel.} Rb8 {
Verliert sofort.} (22... b4 23. Rb3 a5 24. a3 bxa3 25. Rxa3 f4 26. Ra4 f5 27.
Rxf4 Kg7 $16 {Weiß hat riesigen Vorteil, aber zumindest läuft das Spiel noch
weiter.}) 23. Ra7 Rb6 24. Rc3 {Zwei Türme auf der 7. Reihe sind zu viel - das
kann Schwarz nicht lange aushalten.} h5 25. Bc8 Rh7 26. Rcc7 f4 27. Ra8 1-0

[Event "Gibraltar Masters 9th"]
[Site "Caleta"]
[Date "2011.01.30"]
[Round "6"]
[White "Ivanchuk, Vassily"]
[Black "Short, Nigel D"]
[Result "1-0"]
[WhiteElo "2764"]
[BlackElo "2658"]
[PlyCount "125"]
[EventDate "2011.01.25"]
[EventType "swiss"]
[EventRounds "10"]
[EventCountry "GGB"]
[SourceTitle "CBM 141"]
[Source "ChessBase"]
[SourceDate "2011.03.17"]
[SourceVersion "1"]
[SourceVersionDate "2011.03.17"]
[SourceQuality "1"]

1. d4 e6 2. c4 Bb4+ 3. Nd2 d5 4. Ngf3 Nf6 5. Qa4+ Nc6 6. a3 Bxd2+ 7. Bxd2 Ne4
8. Bf4 g5 9. Be3 f5 10. g3 O-O 11. Rd1 Kh8 12. Bg2 f4 13. Bc1 g4 14. cxd5 exd5
15. Ne5 f3 16. exf3 gxf3 17. Bxf3 Nxe5 18. dxe5 Nc5 19. Qd4 Rxf3 20. Qxc5 c6
21. O-O Be6 22. Qd6 Qe8 23. Bg5 Qf7 24. Bf6+ Kg8 25. Kg2 Rb3 26. Rd2 Re8 27. f3
Qg6 28. Rff2 Qh6 29. g4 Re3 30. h4 Qf4 31. Qb4 Qxb4 32. axb4 Rb3 33. Rd4 a5 34.
bxa5 c5 35. Ra4 Ra8 36. Be7 Rb5 37. Rf4 d4 38. Rf6 Bd5 39. Rd6 c4 40. Bd8 c3
41. bxc3 dxc3 42. e6 Bxe6 43. Bf6 Ra6 44. Rd8+ Kf7 45. Bxc3 h5 46. Rd4 Rc6 47.
Rf4+ Kg8 48. Bd2 Kg7 49. Re2 Kg6 50. Kg3 Rd5 51. Rfe4 Kf7 52. Rb4 Bc8 53. Be1
Rc1 54. Rbe4 Rcc5 55. R2e3 Kg6 56. Bc3 Rc6 57. Re7 hxg4 58. fxg4 Rc4 59. Rg7+
Kh6 60. g5+ Kh5 61. Rh7+ Kg6 62. Rh6+ Kf5 63. Rf6# 1-0

[Event "Amber-rapid 20th"]
[Site "Monte Carlo"]
[Date "2011.03.12"]
[Round "1"]
[White "Gashimov, Vugar"]
[Black "Ivanchuk, Vassily"]
[Result "1-0"]
[WhiteElo "2746"]
[BlackElo "2779"]
[Annotator "Ftacnik,L"]
[PlyCount "65"]
[EventDate "2011.03.12"]
[EventType "tourn (rapid)"]
[EventRounds "11"]
[EventCountry "MNC"]
[EventCategory "21"]
[SourceTitle "CBM 142"]
[Source "ChessBase"]
[SourceDate "2011.05.17"]
[SourceVersion "1"]
[SourceVersionDate "2011.05.17"]
[SourceQuality "1"]

1. e4 c5 2. Nf3 d6 3. d4 cxd4 4. Nxd4 Nf6 5. Nc3 a6 6. Be2 e6 7. a4 Nc6 8. Be3
Be7 9. O-O O-O 10. f4 Qc7 11. Kh1 Re8 12. Qd2 Bd7 13. Nb3 Na5 14. Nxa5 Qxa5 15.
Bd3 {The bishop on d3 makes a better impression than the one located on f3. It
still keeps control on both flanks and hopes to participate in the future
attack against the h7-square.} (15. Bf3 Rac8 (15... Bc6 16. Qf2 {1/2-1/2
Azarov,S (2585)-Romanov,E (2547)/Voronezh 2008}) 16. Rfb1 (16. Rfd1 Bc6 17. Qf2
Nd7 18. Bd2 (18. Nd5 exd5 19. exd5 Bxa4 20. b3 b5 $13) 18... Qb6 19. Qe2 (19.
Qxb6 Nxb6 20. b3 d5 $10) 19... Bf6 20. a5 Qc7 21. Be1 Nc5 22. Qe3 Red8 (22...
Bxc3 $2 23. Bxc3 Na4 24. Rxa4 Bxa4 25. Qd4 $18) 23. Ra3 b5 24. axb6 Qxb6 {
0-1 Dolmatov,S (2615)-Sokolov,A (2595)/Odessa 1989 (50)}) (16. Rfe1 Bc6 17. Qf2
Nd7 18. Bd2 Qc7 19. a5 Bf6 20. Ra3 Rb8 21. Nd1 d5 22. e5 Be7 23. Ra1 Bc5 24.
Qg3 f5 25. exf6 Nxf6 {1/2-1/2 Dolmatov,S (2615)-Novikov,I (2570)/Eupen 1994 
(27)}) 16... Rc4 17. Be2 Rcc8 18. Bd3 Ng4 19. Bg1 Nf6 20. b4 Qc7 21. Rb3 e5 22.
f5 g6 23. b5 axb5 24. Nxb5 Bxb5 25. Rxb5 d5 26. exd5 e4 27. Bf1 Qxc2 28. Qxc2
Rxc2 29. Rxb7 Nxd5 {1/2-1/2 Efimenko,Z (2637)-Macieja,B (2592)/Khanty Mansiysk
2005 (99)}) 15... Qh5 (15... Bc6 $5 16. b4 (16. Rae1 Rad8 17. b4 Qxb4 18. Rb1
Qa5 19. Bb6 Qh5 20. Bxd8 Bxd8 {0-1 Lukaszewski,M-Lopusiewicz,P (2154)/Polanica
Zdroj 1999}) 16... Qh5 (16... Qxb4 17. a5 d5 18. Rfb1 d4 19. Rxb4 dxe3 20. Qxe3
Bxb4 21. Qd4 $14) (16... Qc7 17. b5 Bd7 $11) 17. Rf3 d5 18. Rh3 Qg4 19. Be2 Qg6
20. f5 exf5 21. Rg3 Qxg3 22. hxg3 Bxb4 23. Qd4 $16 {1-0 De Vries,E (2200)
-Felten,N/Netherlands 1996 (40)}) 16. Rf3 Qa5 {Ivanchuk is a magnificent
player, but his retreat from the kingside amounts to the virtual loss of two
tempi.} (16... Ng4 17. Rh3 Qa5 18. Bg1 Bc6 $11) 17. Rg3 (17. Nd5 Qxd2 18. Nxe7+
Rxe7 19. Bxd2 Bc6 20. Re1 e5 $11) 17... Rac8 (17... e5 18. f5 Nh5 19. Rf3 Nf6
$11) 18. Rf1 Kh8 $2 {The black king is retreating to the corner in order to
avoid problems along the g file. Unfortunately it only amounts to the loss of
a tempo.} (18... e5 $5 19. fxe5 dxe5 20. Bh6 g6 (20... Nh5 21. Rg5 Bxg5 22.
Qxg5 Qd8 (22... Be6 23. Be2) 23. Qxh5 gxh6 24. Nd5 Re6 25. Qxf7+ Kh8 26. b3 $14
) 21. Rgf3 $14) 19. Qf2 Bc6 (19... Qb4 20. e5 $1 dxe5 21. fxe5 Ng4 22. Qe2 (22.
Qf4 Nxe3 23. Qxf7 g6 24. Bxg6 Qh4 25. Bd3 Rg8 26. Rf4 Qh6 27. Qxe7 Rxg3 28.
Qxd7 Rcg8 $11) 22... f5 (22... Nxe3 23. Rxf7 $1 $18) 23. exf6 Nxf6 24. Rh3 $16)
20. e5 $1 dxe5 (20... Nd5 21. Nxd5 Qxd5 22. Qe2 $1 dxe5 (22... Bxa4 23. c4 Qa5
24. Qh5 f5 25. Qf7 Bf8 26. exd6 $18) 23. c4 Qd7 (23... Qd6 24. Bxh7 Kxh7 25.
Qh5+ Kg8 26. fxe5 $18) 24. fxe5 $16) 21. Bb6 $2 {Gashimov must have been
unhappy after the game, since he missed a golden opportunity to punish Black
for his unfocussed play. Opening of the centre with logical 21.fxe5! was very
dangerous for the defender.} (21. fxe5 $1 Nh5 (21... Qxe5 22. Rg5 Qc7 23. Qh4
Rcd8 (23... h6 24. Rxg7 $1 Kxg7 25. Bxh6+ Kh8 26. Rxf6 $18) (23... Red8 24. Bf4
Qb6 25. Be5 Rxd3 26. Rxg7 $1 Kxg7 27. Bxf6+ Kf8 28. Bxe7+ Ke8 29. Ba3 Rd6 30.
Qxh7 $18) 24. Bf4 Qc8 25. Be5 Rxd3 26. Rxg7 Kxg7 27. Bxf6+ Bxf6 28. Qxf6+ Kg8
29. Qxf7+ Kh8 30. Qf6+ Kg8 31. Qg5+ Kh8 32. Rf7 Bxg2+ 33. Qxg2 Rg8 34. Qe4 $18)
22. Rh3 Qxe5 23. Qxf7 g6 24. Bxg6 Bxg2+ 25. Kxg2 hxg6 26. Bh6 $16) 21... Qb4
22. fxe5 Nh5 $1 (22... Nd5 23. Rxg7 $1 $18) 23. Rh3 Qg4 24. Kg1 (24. Re3 Bg5
25. Re4 Nf4 26. Be2 Qxg2+ 27. Qxg2 Nxg2 28. Kxg2 Bxe4+ 29. Nxe4 Rxc2 $11) 24...
Nf4 25. Rg3 Nxd3 $1 {With several logical moves Ivanchuk has managed to
eliminate the most dangerous bishop.} 26. cxd3 (26. Rxg4 Nxf2 27. Rxf2 f5 28.
exf6 gxf6 $15) 26... Qb4 27. Na2 Qxa4 28. Qxf7 Bf8 29. d4 Be4 $2 {Later
analysis in quiet conditions reveals that Black could have taken the knight on
a2 and survived the opponent's attack without real harm.} (29... Qxa2 30. Bc5
g6 31. Rh3 Bg7 32. Qxg6 h6 33. Rxh6+ Bxh6 34. Qxh6+ Kg8 35. Qg6+ Kh8 36. Rf7
Qa1+ $11) 30. Nc3 Qc2 (30... Rxc3 $2 31. Qxf8+ $18) 31. Nxe4 Qxe4 32. Bc5 {
It would be too much to expect precise handling of a very promising position
from Gashimov in a rapid game.} (32. Qd7 $5 g6 (32... Ra8 33. Rxf8+ $18) 33.
Rc3 Rb8 34. h3 Qh4 35. Rcf3 Bb4 36. d5 Re7 37. Rf8+ Rxf8 38. Rxf8+ Kg7 39. Qd8
exd5 40. Rf2 $18) 32... Rxc5 $2 (32... g6 33. Bb6 Bg7 (33... Re7 34. Qf6+ Kg8
35. h4 Rce8 36. h5 Bg7 37. Qg5 $16) 34. Rc3 Rb8 35. Rc7 Qe3+ 36. Kh1 Rg8 37.
Bc5 Qd3 38. Be7 $18) 33. Qxf8+ 1-0